书目信息 |
| 题名: |
会计学基础
|
|
| 作者: | 翟广顺 , 张万全 主编 | |
| 分册: | ||
| 出版信息: | 北京 中国商业出版社 2001 |
|
| 页数: | 343页 | |
| 开本: | 20cm | |
| 丛书名: | 财务会计系列书目 | |
| 单 册: | ||
| 中图分类: | F230 | |
| 科图分类: | ||
| 主题词: | 会计学--kuai ji xue--高等学校--教材 | |
| 电子资源: | ||
| ISBN: | 7-5044-1841-2 | |
| 000 | 00882nam0 2200265 450 | |
| 001 | 0111545448 | |
| 005 | 20050426142356.10 | |
| 010 | @a7-5044-1841-2@dCNY14.50 | |
| 100 | @a20040916d2001 km y0chiy0120 ea | |
| 101 | 0 | @achi |
| 102 | @aCN@b110000 | |
| 105 | @ay z 000yy | |
| 200 | 1 | @a会计学基础@AKuai Ji Xue Ji Chu@f翟广顺,张万全主编@Fzhai guang shun,zhang wan quan zhu bian |
| 205 | @a第2版@b修订本 | |
| 210 | @a北京@c中国商业出版社@d2001 | |
| 215 | @a343页@d20cm | |
| 225 | 2 | @a财务会计系列书目@Acai wu kuai ji xi lie shu mu |
| 330 | @a本书主要介绍了会计的知识以及怎样做工业企业核算,财产清算,会计报表等。 | |
| 410 | 0 | @12001 @a财务会计系列书目 |
| 606 | 0 | @a会计学@Akuai ji xue@x高等学校@x教材 |
| 690 | @aF230@v4 | |
| 701 | 0 | @a翟广顺@Azhai guang shun@4主编 |
| 701 | 0 | @a张万全@Azhang wan quan@4主编 |
| 801 | 0 | @aCN@bRULIN@c20050426 |
| 905 | @a10447@dF230@eZ046 | |
| 会计学基础/翟广顺,张万全主编.-第2版,修订本.-北京:中国商业出版社,2001 |
| 343页;20cm.-(财务会计系列书目) |
| ISBN 7-5044-1841-2:CNY14.50 |
| 本书主要介绍了会计的知识以及怎样做工业企业核算,财产清算,会计报表等。 |
| ● |
| 相关链接 |
|
|
|
正题名:会计学基础
索取号:F230/Z046
 
预约/预借
| 序号 | 登录号 | 条形码 | 馆藏地/架位号 | 状态 | 备注 |
| 1 | 521789 | 205217898 | 社科二线422/422社科库 25排3列1层/ [索取号:F230/Z046] | 在馆 | |
| 2 | 521790 | 205217905 | 社科库409/409社科库 75排3列4层/ [索取号:F230/Z046] | 在馆 | |
| 3 | 521791 | 205217914 | 社科二线422/422社科库 25排3列1层/ [索取号:F230/Z046] | 在馆 |